000 00507nam a2200181 4500
001 4655
005 20230410115419.0
008 060907n1998 dr spa
020 _a9686210458
035 _9funglode4692
041 _aES
050 1 4 _aHD 57.7 C813l 1998
100 _aCornejo, Miguel ´ngel
245 1 _aLíderes del tercer milenio :
_bla revolución de los valores /
_cMiguel ´ngel Cornejo
260 _aMéxico :
_bEditorial Grad,
_c1998
300 _a420 p.
942 _2lcc
_cbk
999 _c40692
_d40692